000 00913nam a22002177a 4500
008 090305t xxu||||| |||| 00| 0 eng d
010 _aENG-93063
020 _c500.00
_a8190396307
035 _aEN-76596
037 _bDBAD / PUB
040 _adpl
_bEnglish
082 _a630.954
245 _aGlimpses of agricultural heritage of India /
_cedited by Y. L. Nene
260 _aAndhra Pradesh
_bAsian Agri-History Foundation
_c2007
270 _a47 ICRISAT Colony-I, Brig. Sayeed Road,
_bSecunderabad
_e500009
300 _ax, 902p.:
_c28cm (Hb)
_bb&w photos
650 _aAgriculture
_zIndia
_xHistory.
700 _aNene, Y. L.
942 _2ddc
_cEN
_mGLI
_h630.954
999 _c24897
_d24897